000
00337nam a22001457a 4500
008
211013b ||||| |||| 00| 0 eng d
020
_a
9780765702999
041
_a
eng
080
_a
159.9
082
_a
159.9
100
_a
48
101
_a
PSI
245
_a
More 101 Favorite Play Therapy Techniques
_c
Kaduson,H.G
942
_2
udc
_c
BK
999
_c
58213
_d
58213